| 000 | 00614nam a2200229Ia 4500 | ||
|---|---|---|---|
| 003 | OSt | ||
| 005 | 20221006164955.0 | ||
| 006 | a|||||r|||| 00| 0 | ||
| 007 | ta | ||
| 008 | 221006b |||||||| |||| 00| 0 eng d | ||
| 024 | _a6,982 | ||
| 037 | _cTextual | ||
| 040 |
_aFML _cFML _beng |
||
| 041 |
_2eng _aeng |
||
| 082 | _az2, N2 | ||
| 100 |
_aBasisth Chitra Ranjan Au. _9678793 |
||
| 245 | 0 | _aThe Dravidian India And Eponymous Bharata | |
| 260 |
_aKolkata _bKiran Klm India _c1992 |
||
| 300 |
_a260 _ccm. |
||
| 942 |
_hz2, N2 _cTEXL _2CC |
||
| 999 |
_c1119135 _d1119135 |
||